5HLuxD.jpg

KING HENRY VIII SENIOR AND PRIMARY SCHOOL LIBRARY OPAC

ELLA AND OWEN (Record no. 4576)

000 -LEADER
fixed length control field 00377nam a22001217a 4500
008 - FIXED-LENGTH DATA ELEMENTS--GENERAL INFORMATION
fixed length control field 250304b ||||| |||| 00| 0 eng d
020 ## - INTERNATIONAL STANDARD BOOK NUMBER
International Standard Book Number 9781499803716
082 ## - DEWEY DECIMAL CLASSIFICATION NUMBER
Classification number FIC KEN
100 ## - MAIN ENTRY--PERSONAL NAME
Personal name KENT,JADEN
Relator term AUTHOR
245 ## - TITLE STATEMENT
Title ELLA AND OWEN
Remainder of title THE EVIL PUMPKIN PIE FIGHT
260 ## - PUBLICATION, DISTRIBUTION, ETC.
Place of publication, distribution, etc. 251 PARK AVENUE SOUTH,NEW YORK,NY 10010
Name of publisher, distributor, etc. BONNIER PUBLISHING USA/ LITTLE BEE BOOKS
Date of publication, distribution, etc. 2017
942 ## - ADDED ENTRY ELEMENTS (KOHA)
Source of classification or shelving scheme
Holdings
Withdrawn status Lost status Source of classification or shelving scheme Damaged status Not for loan Collection code Permanent Location Current Location Shelving location Date acquired Total Checkouts Full call number Barcode Date last seen Date last checked out Price effective from Koha item type Public note
          Fiction KH8 Primary School Library KH8 Primary School Library Fiction 2025-03-04 3 FIC KEN KHPL000006397 2025-12-05 2025-06-05 2025-03-04 Books - Fiction KH8 PRIMARY LIBRARY

Powered By KH8 IT Dept